Ứng dụng hệ thống thông tin địa lý trong công tác quản lý địa phương cấp phường, xã
Nội dung đề tài nghiên cứu khả năng ứng dụng GIS trong công tác quản lý phường xã, cụ thể là xây sựng một hệ thống thông tin địa lý phục vụ công tác quản lý địa phương cấp phường, xã.
Đã lưu trong:
| 主要作者: | |
|---|---|
| 格式: | 圖書 |
| 語言: | Undetermined |
| 出版: |
Cần Thơ
Trường Đại học Cần Thơ
2004
|
| 主題: | |
| 標簽: |
添加標簽
沒有標簽, 成為第一個標記此記錄!
|
| Thư viện lưu trữ: | Trung tâm Học liệu Trường Đại học Cần Thơ |
|---|
| LEADER | 01111nam a2200205Ia 4500 | ||
|---|---|---|---|
| 001 | CTU_205247 | ||
| 008 | 210402s9999 xx 000 0 und d | ||
| 082 | |a 320.80285 | ||
| 082 | |b Tr513 | ||
| 088 | |a 3/CTQLKH2002 | ||
| 100 | |a Nguyễn, Hiếu Trung | ||
| 245 | 0 | |a Ứng dụng hệ thống thông tin địa lý trong công tác quản lý địa phương cấp phường, xã | |
| 245 | 0 | |c Nguyễn Hiếu Trung (chủ nhiệm đề tài) | |
| 260 | |a Cần Thơ | ||
| 260 | |b Trường Đại học Cần Thơ | ||
| 260 | |c 2004 | ||
| 520 | |a Nội dung đề tài nghiên cứu khả năng ứng dụng GIS trong công tác quản lý phường xã, cụ thể là xây sựng một hệ thống thông tin địa lý phục vụ công tác quản lý địa phương cấp phường, xã. | ||
| 650 | |a Geographical information systems series,Chính quyền địa phương,Hệ thống thông tin đia lý,Local government | ||
| 904 | |i Qhieu | ||
| 980 | |a Trung tâm Học liệu Trường Đại học Cần Thơ | ||